[Event "Finale Kupa SS Vojvodine 2009"]
[Site "Apatin"]
[Date "2009.05.01"]
[Round "3.1"]
[White "Radlovacki, Jovan"]
[Black "Vukic, Radivoj"]
[Result "0-1"]
[WhiteElo "2387"]
[BlackElo "2340"]
[PlyCount "108"]
[EventDate "2009.04.30"]

1. d4 d5 2. Nf3 Nf6 3. Bf4 Bf5 4. e3 e6 5. Bd3 Ne4 6. h3 Bd6 7. Bxd6 Nxd6 8.
Nc3 c6 9. Qe2 Qb6 10. Rb1 Bxd3 11. cxd3 c5 12. dxc5 Qxc5 13. O-O O-O 14. Rfc1
Qa5 15. b4 Qd8 16. e4 dxe4 17. dxe4 Nc6 18. Rd1 Qe7 19. g4 f6 20. b5 Ne5 21.
Nxe5 fxe5 22. Rd3 Nf7 23. Rbd1 Qh4 24. Rg3 Ng5 25. Kg2 Rf6 26. Rf1 Raf8 27. f3
h5 28. gxh5 Qxh5 29. h4 Qxh4 30. Qe3 Rh6 31. Rg1 Nh3 32. Ne2 Nxg1 33. Qxg1 Rd8
34. Rg4 Qh3+ 35. Kf2 Qh2+ 36. Ke3 Qxg1+ 37. Rxg1 Kf7 38. Rc1 Rd7 39. Rc5 Kf6
40. Nc1 b6 41. Rc2 Rh1 42. Rc6 Re1+ 43. Kf2 Red1 44. Nb3 R1d6 45. Rc2 Kg5 46.
Ke2 Kf4 47. Nc1 Rd1 48. a4 R1d4 49. Ra2 Rd1 50. Rc2 Kg3 51. Ke3 Re1+ 52. Ne2+
Kg2 53. f4 Kf1 54. fxe5 g5 0-1

[Event "Finale Kupa SS Vojvodine 2009"]
[Site "Apatin"]
[Date "2009.05.01"]
[Round "3.1"]
[White "Vajdic, Nikola"]
[Black "Mihic, Bojan"]
[Result "1/2-1/2"]
[WhiteElo "2288"]
[BlackElo "2391"]
[PlyCount "75"]
[EventDate "2009.04.30"]

1. Nf3 d5 2. d4 Nf6 3. c4 e6 4. Nc3 c6 5. g3 dxc4 6. Bg2 b5 7. O-O Bb7 8. Ne5
Nd5 9. e4 Nxc3 10. bxc3 Nd7 11. f4 Be7 12. Qg4 O-O 13. f5 exf5 14. exf5 Nf6 15.
Qh3 Nd5 16. g4 a6 17. Be4 f6 18. Ng6 Re8 19. Nf4 Nxf4 20. Bxf4 Bd6 21. Qg2 Rc8
22. Bxd6 Qxd6 23. Rae1 Re7 24. Qf2 Rce8 25. Bg2 Bc8 26. Rxe7 Rxe7 27. Re1 Rxe1+
28. Qxe1 Bd7 29. Qe3 Kf8 30. Bf3 Qe7 31. Qf4 c5 32. Qb8+ Be8 33. d5 Qe3+ 34.
Kg2 Qd2+ 35. Kg3 Qe1+ 36. Kg2 Qd2+ 37. Kg3 Qe1+ 38. Kg2 1/2-1/2

[Event "Finale Kupa SS Vojvodine 2009"]
[Site "Apatin"]
[Date "2009.05.01"]
[Round "3.2"]
[White "Vujadinovic, Goran"]
[Black "Jovic, Stevan"]
[Result "1/2-1/2"]
[WhiteElo "2367"]
[BlackElo "2278"]
[PlyCount "68"]
[EventDate "2009.04.30"]

1. e4 c6 2. Nc3 d5 3. Nf3 Bg4 4. h3 Bh5 5. Be2 e6 6. Ne5 Bxe2 7. Qxe2 Nf6 8.
O-O Be7 9. d3 O-O 10. Bd2 Nbd7 11. Nf3 Qc7 12. e5 Ne8 13. Rae1 c5 14. Kh1 a6
15. Nh2 b5 16. f4 Qc6 17. f5 Bh4 18. f6 Bxe1 19. Qxe1 Kh8 20. Ng4 b4 21. Ne2
gxf6 22. exf6 e5 23. Qh4 Qe6 24. Ng3 Rg8 25. Nh5 Rg6 26. Bh6 a5 27. Bg7+ Nxg7
28. fxg7+ Kg8 29. Ngf6+ Nxf6 30. Nxf6+ Rxf6 31. Rxf6 Qe7 32. Qh6 Re8 33. Rf5
Qe6 34. Rf6 Qe7 1/2-1/2

[Event "Finale Kupa SS Vojvodine 2009"]
[Site "Apatin"]
[Date "2009.05.01"]
[Round "3.2"]
[White "Bokan, Danko"]
[Black "Bogic, Stevan"]
[Result "1-0"]
[WhiteElo "2297"]
[BlackElo "2262"]
[PlyCount "117"]
[EventDate "2009.04.30"]

1. e4 c6 2. d4 d5 3. Nd2 dxe4 4. Nxe4 Nf6 5. Ng3 e5 6. N1e2 exd4 7. Nxd4 Bc5 8.
Qe2+ Be7 9. Be3 Nd5 10. O-O-O Qc7 11. Ngf5 Bxf5 12. Nxf5 Qe5 13. Nxe7 Qxe7 14.
Bc5 Qxe2 15. Bxe2 Nd7 16. Bd6 N7f6 17. c4 O-O-O 18. Be5 Rhe8 19. cxd5 Rxe5 20.
dxc6 Rc5+ 21. Kb1 Rxd1+ 22. Bxd1 bxc6 23. Bb3 Nd5 24. Rc1 Rxc1+ 25. Kxc1 Nf4
26. g3 Nd3+ 27. Kd2 Nxf2 28. Bxf7 Kc7 29. Bg8 h6 30. Ke3 Nd1+ 31. Kd4 Kd6 32.
b4 Nf2 33. Bc4 Ng4 34. h3 Ne5 35. Be2 Nd7 36. Ke4 g6 37. h4 Nf6+ 38. Kd4 Nd7
39. Bf1 g5 40. hxg5 hxg5 41. Ke4 c5 42. b5 Ne5 43. Be2 g4 44. a4 Ke6 45. a5 Kd6
46. a6 Nd7 47. Bxg4 Nb6 48. Be2 Ke6 49. g4 Kf6 50. Bf3 Ke6 51. g5 c4 52. Bg4+
Kd6 53. Kd4 c3 54. Kxc3 Ke5 55. Kb4 Kd4 56. Bf3 Ke5 57. g6 Kf6 58. Be4 Nd7 59.
Kc4 1-0

[Event "Finale Kupa SS Vojvodine 2009"]
[Site "Apatin"]
[Date "2009.05.01"]
[Round "3.3"]
[White "Brajic, Miloje"]
[Black "Petkovic, Radosav"]
[Result "0-1"]
[WhiteElo "2222"]
[BlackElo "2290"]
[PlyCount "94"]
[EventDate "2009.04.30"]

1. e4 e5 2. Nc3 Nf6 3. f4 d5 4. fxe5 Nxe4 5. Nf3 Be7 6. d4 c5 7. Bd3 Nxc3 8.
bxc3 c4 9. Be2 Nc6 10. O-O Bf5 11. Ng5 Bg6 12. h4 O-O 13. e6 fxe6 14. Nxe6
Rxf1+ 15. Qxf1 Qd6 16. Bg4 Qg3 17. Qf3 Qe1+ 18. Kh2 Bd6+ 19. Bf4 Bxf4+ 20. Qxf4
Qxa1 21. h5 Qe1 22. hxg6 Qh4+ 23. Kg1 Qf6 24. Qc7 Qe7 25. gxh7+ Kh8 26. Qg3 Re8
27. Kh2 Qf6 28. Nc7 Qh6+ 29. Bh3 Re3 30. Qf2 Ne7 31. Ne8 Ng6 32. Nc7 Qf4+ 33.
Qxf4 Nxf4 34. Bc8 Rxc3 35. Bxb7 Rxc2 36. Kg3 g5 37. Nxd5 Rxg2+ 38. Kf3 Rb2 39.
Nxf4 Rxb7 40. Ne6 c3 41. Ke3 Re7 42. d5 Rd7 43. Kd3 Rxd5+ 44. Kxc3 g4 45. Nf4
Rd6 46. a4 Kxh7 47. a5 Kh6 0-1

[Event "Finale Kupa SS Vojvodine 2009"]
[Site "Apatin"]
[Date "2009.05.01"]
[Round "3.3"]
[White "Manojlovic, Sava"]
[Black "Ujhazi, Ivan"]
[Result "0-1"]
[WhiteElo "2087"]
[BlackElo "2211"]
[PlyCount "76"]
[EventDate "2009.04.30"]

1. Nf3 d5 2. g3 e6 3. Bg2 Nf6 4. O-O Be7 5. c4 dxc4 6. Qa4+ Bd7 7. Qxc4 Bc6 8.
Nc3 a6 9. a4 b5 10. Qb3 b4 11. Nb1 Nbd7 12. Qc2 Bb7 13. d3 O-O 14. a5 c5 15.
Nbd2 Qc7 16. Nc4 e5 17. e4 Bc6 18. Nh4 Bb5 19. Nf5 Rfe8 20. Be3 Bf8 21. Bg5 h6
22. Bd2 Rad8 23. f4 g6 24. Nfe3 Bg7 25. Rf2 exf4 26. gxf4 Bc6 27. e5 Nh5 28.
Nd6 Re6 29. Nd5 Bxd5 30. Bxd5 Rxd6 31. exd6 Qxd6 32. Qc4 Bd4 33. Bxf7+ Kg7 34.
Re1 Nxf4 35. Be3 Nh3+ 36. Kg2 Nxf2 37. Bxf2 Ne5 38. Bxd4 cxd4 0-1

[Event "Finale Kupa SS Vojvodine 2009"]
[Site "Apatin"]
[Date "2009.05.01"]
[Round "3.3"]
[White "Stojkovic, Miroljub"]
[Black "Srdjanov, Steva"]
[Result "1/2-1/2"]
[WhiteElo "2229"]
[BlackElo "2273"]
[PlyCount "34"]
[EventDate "2009.04.30"]

1. e4 d6 2. d4 Nf6 3. Nc3 g6 4. f4 Bg7 5. Nf3 O-O 6. Bd3 Nc6 7. d5 Nb4 8. Be2
a5 9. O-O c6 10. a3 Na6 11. Be3 cxd5 12. exd5 Nc5 13. Nd4 Bd7 14. Bf3 a4 15. h3
Qa5 16. Kh2 b5 17. Na2 Na6 1/2-1/2

[Event "Finale Kupa SS Vojvodine 2009"]
[Site "Apatin"]
[Date "2009.05.01"]
[Round "3.3"]
[White "Paroski, Sinisa"]
[Black "Kovacevic, Goran"]
[Result "0-1"]
[WhiteElo "2219"]
[BlackElo "2212"]
[PlyCount "50"]
[EventDate "2009.04.30"]

1. e4 c5 2. Nf3 d6 3. d4 cxd4 4. Nxd4 Nf6 5. Nc3 a6 6. Be2 e5 7. Nb3 Be7 8. O-O
O-O 9. Re1 h6 10. Bf3 Be6 11. a4 Nc6 12. Nd5 Bxd5 13. exd5 Nb8 14. a5 Nbd7 15.
Qd3 Rc8 16. Be3 Re8 17. c3 Bf8 18. Ra4 g6 19. g3 Nc5 20. Nxc5 dxc5 21. Bg2 Qd7
22. b3 e4 23. Bxe4 c4 24. Rxc4 Rxc4 25. Bxg6 Rc5 0-1

[Event "Finale Kupa SS Vojvodine 2009"]
[Site "Apatin"]
[Date "2009.05.01"]
[Round "3.4"]
[White "Avram, Veso"]
[Black "Sokic, Dragomir"]
[Result "0-1"]
[WhiteElo "2152"]
[BlackElo "1828"]
[PlyCount "32"]
[EventDate "2009.04.30"]

1. d4 Nf6 2. c4 g6 3. g3 Bg7 4. Bg2 O-O 5. Nc3 d6 6. Nf3 Re8 7. O-O Nbd7 8. h3
c6 9. b3 e5 10. e4 a5 11. Bb2 exd4 12. Nxd4 Nc5 13. Re1 Qb6 14. Qd2 a4 15. Qc1
a3 16. Bxa3 Nd3 0-1

[Event "Finale Kupa SS Vojvodine 2009"]
[Site "Apatin"]
[Date "2009.05.01"]
[Round "3.5"]
[White "Vukovic, Miroslav R"]
[Black "Krneta, Milan"]
[Result "1-0"]
[WhiteElo "2180"]
[BlackElo "2010"]
[PlyCount "71"]
[EventDate "2009.04.30"]

1. e4 e6 2. d4 d5 3. Nc3 Nf6 4. Bg5 Be7 5. e5 Ng8 6. Be3 a6 7. Bd3 Nd7 8. Qg4
g6 9. Nf3 c5 10. h4 h5 11. Qg3 cxd4 12. Bxd4 Nf8 13. O-O-O Nh6 14. Kb1 Bd7 15.
Ng5 Qc7 16. Qf4 Bxg5 17. hxg5 Nf5 18. Rh3 Bc6 19. g4 Nxd4 20. Qxd4 O-O-O 21.
Rdh1 Nd7 22. f4 Qb6 23. Ne2 Kb8 24. gxh5 gxh5 25. Qxb6 Nxb6 26. Nd4 Nc4 27. Kc1
Bb5 28. Nxb5 axb5 29. b3 Nb6 30. Rxh5 Rxh5 31. Rxh5 d4 32. Rh7 Rf8 33. Be4 Ka7
34. Kd2 Nc8 35. Kd3 Kb6 36. Kxd4 1-0

[Event "Finale Kupa SS Vojvodine 2009"]
[Site "Apatin"]
[Date "2009.05.02"]
[Round "4.1"]
[White "Bodiroga, Predrag"]
[Black "Vujadinovic, Goran"]
[Result "0-1"]
[WhiteElo "2422"]
[BlackElo "2367"]
[PlyCount "70"]
[EventDate "2009.04.30"]

1. d4 Nc6 2. c4 e5 3. d5 Nce7 4. Nc3 Ng6 5. e4 Bc5 6. Na4 Bb4+ 7. Bd2 Qe7 8. c5
Bxc5 9. Nxc5 Qxc5 10. Nf3 Nf6 11. Bd3 O-O 12. O-O Qe7 13. Qb3 c5 14. dxc6 dxc6
15. Rac1 Be6 16. Qa4 Rfd8 17. Bb4 Qe8 18. Rfd1 Bg4 19. Be2 Rxd1+ 20. Bxd1 Nxe4
21. h3 Be6 22. Bc2 Bd5 23. Re1 f5 24. Bb1 Nf4 25. Nh4 Qh5 26. Be7 Re8 27. Qa3
Kf7 28. Bxe4 Bxe4 29. Rxe4 Rxe7 30. Rxf4 exf4 31. Nf3 Qg6 32. Qxa7 Qe6 33. h4
g6 34. b4 h6 35. Qc5 g5 0-1

[Event "Finale Kupa SS Vojvodine 2009"]
[Site "Apatin"]
[Date "2009.05.02"]
[Round "4.1"]
[White "Stanojevic, Branko"]
[Black "Somborski, Nebojsa"]
[Result "1/2-1/2"]
[WhiteElo "2290"]
[BlackElo "2376"]
[PlyCount "144"]
[EventDate "2009.04.30"]

1. d4 d5 2. c4 e6 3. Nc3 Be7 4. Nf3 Nf6 5. Bg5 h6 6. Bxf6 Bxf6 7. e3 O-O 8. Qb3
c5 9. cxd5 cxd4 10. Nxd4 Bxd4 11. exd4 Qg5 12. h4 Qf4 13. Be2 exd5 14. Nxd5 Qd6
15. Ne3 Qxd4 16. Rd1 Qc5 17. O-O Nc6 18. Qc4 Qe5 19. Qc3 Qxc3 20. bxc3 Be6 21.
Nd5 Rfc8 22. c4 Kf8 23. f4 f6 24. Rfe1 Na5 25. Rd4 Rc5 26. Bd3 Nc6 27. Rde4
Bxd5 28. cxd5 Rxd5 29. Bc4 Rd4 30. Rxd4 Nxd4 31. Bd5 Rb8 32. Re4 Nf5 33. Kf2
Ne7 34. Be6 Rd8 35. Rb4 Rd6 36. f5 b6 37. a4 Nc6 38. Rc4 h5 39. Ke3 Ke7 40. g4
hxg4 41. Rxg4 Kf8 42. Rc4 g6 43. Ke4 Kg7 44. Ke3 Kh6 45. Ke4 a5 46. Bc8 gxf5+
47. Bxf5 Kh5 48. Ke3 Ne7 49. Bh3 f5 50. Bg2 Ng6 51. Bf3+ Kh6 52. Rc6 f4+ 53.
Ke2 Rxc6 54. Bxc6 Ne5 55. Be8 Kg7 56. Kd2 Kf6 57. Kc3 f3 58. Kd4 f2 59. Bb5
Nf3+ 60. Kd5 Nd2 61. Kc6 f1=Q 62. Bxf1 Nxf1 63. Kxb6 Ne3 64. Kxa5 Nd5 65. Ka6
Kg6 66. a5 Kh5 67. Kb5 Kxh4 68. Kc5 Nc7 69. Kc6 Na6 70. Kb6 Nb4 71. Kb5 Nd5 72.
a6 Nc7+ 1/2-1/2

[Event "Finale Kupa SS Vojvodine 2009"]
[Site "Apatin"]
[Date "2009.05.02"]
[Round "4.1"]
[White "Vukic, Radivoj"]
[Black "Kolognat, Petar"]
[Result "1/2-1/2"]
[WhiteElo "2340"]
[BlackElo "2307"]
[PlyCount "112"]
[EventDate "2009.04.30"]

1. Nf3 e6 2. c4 d5 3. d4 Bb4+ 4. Nc3 Nf6 5. Bg5 h6 6. Bh4 c5 7. cxd5 exd5 8.
Rc1 Nc6 9. e3 cxd4 10. Nxd4 O-O 11. Be2 Ne5 12. O-O Bxc3 13. Rxc3 Ng6 14. Bxf6
Qxf6 15. Nf3 Rd8 16. Qd4 Qd6 17. h3 Bf5 18. Rfc1 a6 19. Rd1 Ne7 20. Qc5 Qxc5
21. Rxc5 Rac8 22. Rdc1 Rxc5 23. Rxc5 Rc8 24. Rxc8+ Bxc8 25. Nd4 Kf8 26. Kf1 Ke8
27. Ke1 Kd8 28. Kd2 Kc7 29. h4 Kd6 30. Kc3 Ng6 31. g3 Ne7 32. Bd3 Bd7 33. f4
Bg4 34. b4 Bd7 35. Be2 f6 36. Bd3 Kc7 37. Nb3 Kd6 38. Nc5 Bc8 39. a3 a5 40. Nb3
axb4+ 41. Kxb4 Bf5 42. Be2 Bd7 43. Nd4 Nc6+ 44. Kc3 Nxd4 45. Kxd4 b6 46. Bf3
Be6 47. g4 g5 48. f5 Bg8 49. hxg5 hxg5 50. Bd1 Bf7 51. Bb3 Be8 52. Bxd5 Ba4 53.
Bf3 Bb5 54. Bd1 Bf1 55. e4 Ba6 56. Bf3 Bb5 1/2-1/2

[Event "Finale Kupa SS Vojvodine 2009"]
[Site "Apatin"]
[Date "2009.05.02"]
[Round "4.1"]
[White "Bogic, Stevan"]
[Black "Vajdic, Nikola"]
[Result "1/2-1/2"]
[WhiteElo "2262"]
[BlackElo "2288"]
[PlyCount "56"]
[EventDate "2009.04.30"]

1. e4 c5 2. Nf3 Nc6 3. d4 cxd4 4. Nxd4 Nf6 5. Nc3 e5 6. Ndb5 d6 7. Bg5 a6 8.
Na3 b5 9. Nd5 Be7 10. Bxf6 Bxf6 11. c3 Bg5 12. Nc2 O-O 13. a4 bxa4 14. Rxa4 a5
15. Bc4 Rb8 16. b3 Be6 17. O-O Kh8 18. Nce3 g6 19. Qd3 f5 20. exf5 gxf5 21. f4
Bh6 22. Kh1 Qd7 23. Ra3 Qf7 24. g3 Qb7 25. Ba6 Qf7 26. Bc4 Qb7 27. Ba6 Qa7 28.
Bc4 Qb7 1/2-1/2

[Event "Finale Kupa SS Vojvodine 2009"]
[Site "Apatin"]
[Date "2009.05.02"]
[Round "4.2"]
[White "Brajic, Miloje"]
[Black "Popovic, Milos T"]
[Result "1/2-1/2"]
[WhiteElo "2222"]
[BlackElo "2396"]
[PlyCount "20"]
[EventDate "2009.04.30"]

1. e4 c5 2. Nf3 Nc6 3. d4 cxd4 4. Nxd4 g6 5. Bc4 Bg7 6. c3 Nf6 7. Nxc6 bxc6 8.
e5 Nd5 9. O-O Nb6 10. Bb3 O-O 1/2-1/2

[Event "Finale Kupa SS Vojvodine 2009"]
[Site "Apatin"]
[Date "2009.05.02"]
[Round "4.2"]
[White "Velickovic, Sasa"]
[Black "Ujhazi, Ivan"]
[Result "1-0"]
[WhiteElo "2415"]
[BlackElo "2211"]
[PlyCount "81"]
[EventDate "2009.04.30"]

1. e4 c5 2. Nf3 Nc6 3. Nc3 g6 4. d4 cxd4 5. Nxd4 Bg7 6. Nde2 d6 7. g3 Nf6 8.
Bg2 O-O 9. h3 Bd7 10. O-O Qc8 11. Kh2 Rb8 12. Be3 b5 13. Nd5 a5 14. Bg5 Re8 15.
Nxf6+ exf6 16. Bf4 Be6 17. Be3 f5 18. exf5 Bxf5 19. c3 Ne5 20. Bd4 Bd3 21. Re1
Bxe2 22. Rxe2 Qc4 23. Rd2 Qc7 24. b3 Re6 25. Rc1 Nd7 26. Bd5 Re7 27. Bf3 Bh6
28. Bd5 Bxd2 29. Qxd2 Qd8 30. Rd1 Qf8 31. Kg2 h5 32. g4 Kh7 33. Qf4 Ne5 34. Qf6
Rbe8 35. Kg3 Re6 36. Bxe6 Rxe6 37. Qf4 h4+ 38. Kh2 f6 39. g5 Qa8 40. Bxe5 dxe5
41. Rd7+ 1-0

[Event "Finale Kupa SS Vojvodine 2009"]
[Site "Apatin"]
[Date "2009.05.02"]
[Round "4.2"]
[White "Stojkovic, Miroljub"]
[Black "Radlovacki, Jovan"]
[Result "1/2-1/2"]
[WhiteElo "2229"]
[BlackElo "2387"]
[PlyCount "49"]
[EventDate "2009.04.30"]

1. d4 Nf6 2. Nf3 c6 3. c4 d6 4. Nc3 Bg4 5. e4 e5 6. dxe5 Bxf3 7. Qxf3 dxe5 8.
Be2 Nbd7 9. O-O Qc7 10. Bg5 h6 11. Bh4 Be7 12. Rfd1 O-O 13. Qf5 g6 14. Qh3 Rfd8
15. Bxf6 Nxf6 16. Qxh6 Bb4 17. Qe3 Bxc3 18. bxc3 Rxd1+ 19. Rxd1 Rd8 20. Rxd8+
Qxd8 21. Bf3 Qa5 22. Qd2 Qa4 23. Qe2 Qa3 24. Qd2 Qa4 25. Qe2 1/2-1/2

[Event "Finale Kupa SS Vojvodine 2009"]
[Site "Apatin"]
[Date "2009.05.02"]
[Round "4.2"]
[White "Mihic, Bojan"]
[Black "Kovacevic, Goran"]
[Result "1-0"]
[WhiteElo "2391"]
[BlackElo "2212"]
[PlyCount "51"]
[EventDate "2009.04.30"]

1. Nf3 c5 2. c4 Nc6 3. Nc3 g6 4. g3 Bg7 5. Bg2 Nf6 6. O-O O-O 7. d4 d5 8. cxd5
Nxd5 9. Nxd5 Qxd5 10. Be3 Qh5 11. dxc5 Bxb2 12. Rb1 Bg7 13. Qa4 h6 14. Rfd1 e5
15. h3 Bxh3 16. Rxb7 Rac8 17. Rd6 Nd4 18. Bxd4 exd4 19. Bxh3 Qxh3 20. c6 Rce8
21. Qc4 g5 22. Rdd7 Qh5 23. Rxa7 Rb8 24. Rab7 Rbc8 25. Nxd4 Qg6 26. Ne6 1-0

[Event "Finale Kupa SS Vojvodine 2009"]
[Site "Apatin"]
[Date "2009.05.02"]
[Round "4.3"]
[White "Jovic, Stevan"]
[Black "Avram, Veso"]
[Result "1/2-1/2"]
[WhiteElo "2278"]
[BlackElo "2152"]
[PlyCount "144"]
[EventDate "2009.04.30"]

1. d4 Nf6 2. c4 e6 3. Nc3 d5 4. Nf3 c6 5. e3 Nbd7 6. Qc2 Bd6 7. Be2 O-O 8. O-O
dxc4 9. Bxc4 e5 10. Rd1 Qe7 11. h3 e4 12. Nd2 Re8 13. Bf1 Nb6 14. a3 Bc7 15. g3
h5 16. Bg2 Bf5 17. Nf1 Qe6 18. Kh2 h4 19. Ne2 g5 20. d5 Nbxd5 21. Nd4 Qd7 22.
b4 Kg7 23. Nxf5+ Qxf5 24. Bb2 Kg6 25. Kg1 hxg3 26. fxg3 Be5 27. g4 Qe6 28.
Bxe4+ Nxe4 29. Qxe4+ Kg7 30. Bd4 f6 31. Qf3 Bxd4 32. Rxd4 Nc3 33. Re1 Ne4 34.
Red1 Re7 35. R1d3 a5 36. Ng3 Nxg3 37. Qxg3 axb4 38. Rxb4 Rae8 39. Rbd4 Kg6 40.
Qf3 Kg7 41. Rd6 Qe5 42. Kg2 Re6 43. Rxe6 Qxe6 44. e4 Re7 45. Re3 Qe5 46. Qf2
Rd7 47. Re2 Rd3 48. Re3 Rd4 49. Qf3 b5 50. Re2 c5 51. Qf5 Rd3 52. Qxe5 fxe5 53.
Rb2 Rxa3 54. Rxb5 Rc3 55. Rb6 c4 56. Re6 Rc1 57. Rxe5 Kf6 58. Rf5+ Kg6 59. Rc5
c3 60. Rc6+ Kg7 61. Rc5 Kg6 62. e5 c2 63. Rc6+ Kf7 64. Kh2 Ke7 65. h4 gxh4 66.
g5 Kd7 67. Rc5 Re1 68. Rxc2 Rxe5 69. Rg2 Ke7 70. Kh3 Kf7 71. Kxh4 Kg6 72. Rg4
Re6 1/2-1/2

[Event "Finale Kupa SS Vojvodine 2009"]
[Site "Apatin"]
[Date "2009.05.02"]
[Round "4.3"]
[White "Avram, Sretko"]
[Black "Rogac, Srdjan"]
[Result "1/2-1/2"]
[WhiteElo "2296"]
[BlackElo "2308"]
[PlyCount "52"]
[EventDate "2009.04.30"]

1. Nf3 Nf6 2. c4 e6 3. Nc3 Bb4 4. Qc2 O-O 5. a3 Bxc3 6. Qxc3 c5 7. d4 d6 8. g3
Nc6 9. Bg2 Qa5 10. Qxa5 Nxa5 11. dxc5 Nb3 12. Rb1 Nxc1 13. Rxc1 dxc5 14. O-O
Rb8 15. Rfd1 Bd7 16. b3 Bc6 17. Ne5 Bxg2 18. Kxg2 Rfd8 19. f3 Kf8 20. Kf2 Ke7
21. e3 Nd7 22. Rxd7+ Rxd7 23. Nxd7 Kxd7 24. Ke2 Kc7 25. h4 Rd8 26. Rd1 Rxd1
1/2-1/2

[Event "Finale Kupa SS Vojvodine 2009"]
[Site "Apatin"]
[Date "2009.05.02"]
[Round "4.3"]
[White "Radonjanin, Vlastimir"]
[Black "Markov, Ziva"]
[Result "1-0"]
[WhiteElo "2280"]
[BlackElo "2194"]
[PlyCount "61"]
[EventDate "2009.04.30"]

1. Nf3 d5 2. c4 c6 3. g3 Nf6 4. b3 Bg4 5. Bg2 e6 6. Bb2 Nbd7 7. h3 Bh5 8. O-O
Bd6 9. d3 O-O 10. Nc3 Bxf3 11. exf3 Qe7 12. f4 Ba3 13. Bxa3 Qxa3 14. f5 Qd6 15.
fxe6 Qxe6 16. Re1 Qd6 17. cxd5 cxd5 18. Qf3 Nb6 19. g4 h6 20. h4 Rfd8 21. d4
Rac8 22. g5 hxg5 23. hxg5 Nh7 24. Re5 Qb4 25. Nxd5 Qxd4 26. Ne7+ Kh8 27. Rae1
f6 28. gxf6 gxf6 29. Rh5 Rc3 30. Rxh7+ Kxh7 31. Qh5+ 1-0

[Event "Finale Kupa SS Vojvodine 2009"]
[Site "Apatin"]
[Date "2009.05.02"]
[Round "4.3"]
[White "Vranes, Davorin"]
[Black "Bokan, Danko"]
[Result "1/2-1/2"]
[WhiteElo "2139"]
[BlackElo "2297"]
[PlyCount "67"]
[EventDate "2009.04.30"]

1. e4 e5 2. Nf3 Nc6 3. Bb5 f5 4. Nc3 Nf6 5. d4 Bb4 6. O-O fxe4 7. Nxe5 O-O 8.
Bg5 Bxc3 9. bxc3 Qe8 10. f4 d6 11. Bxf6 Rxf6 12. Ng4 Bxg4 13. Qxg4 d5 14. c4 a6
15. Ba4 b5 16. cxd5 Nxd4 17. Bb3 Kh8 18. f5 Qe5 19. Rae1 e3 20. Qf4 Rxf5 21.
Qxe3 Rxf1+ 22. Kxf1 Rf8+ 23. Kg1 Qxe3+ 24. Rxe3 Kg8 25. Re1 Nxb3 26. cxb3 Rd8
27. Re6 Rxd5 28. Rxa6 Rd2 29. a4 bxa4 30. bxa4 Rc2 31. Re6 Kf7 32. Re4 Kf6 33.
a5 Ra2 34. Rc4 1/2-1/2

[Event "Finale Kupa SS Vojvodine 2009"]
[Site "Apatin"]
[Date "2009.05.02"]
[Round "4.4"]
[White "Petakov, Uros"]
[Black "Scepanovic, Rade"]
[Result "1-0"]
[WhiteElo "2269"]
[BlackElo "2280"]
[PlyCount "61"]
[EventDate "2009.04.30"]

1. d4 d5 2. Nf3 Nf6 3. e3 c5 4. Nbd2 cxd4 5. exd4 Nc6 6. c3 Bg4 7. Qb3 Qc7 8.
h3 Bd7 9. Bd3 e6 10. O-O Bd6 11. Re1 h6 12. Nf1 g5 13. Ne3 O-O-O 14. c4 Na5 15.
Qc3 Nxc4 16. Bxc4 dxc4 17. Nxc4 Kb8 18. Nfe5 Be8 19. Qb3 Nd5 20. Bd2 f6 21. Nd3
Qe7 22. Nxd6 Rxd6 23. Bb4 Nxb4 24. Qxb4 Bc6 25. Rac1 Qd8 26. Nc5 Re8 27. Re3
Rxd4 28. Qb3 Qd5 29. Na6+ Kc8 30. Rxc6+ Qxc6 31. Rc3 1-0

[Event "Finale Kupa SS Vojvodine 2009"]
[Site "Apatin"]
[Date "2009.05.02"]
[Round "4.4"]
[White "Mehandzic, Georgije"]
[Black "Kler, Borko"]
[Result "1/2-1/2"]
[WhiteElo "2120"]
[BlackElo "2217"]
[PlyCount "157"]
[EventDate "2009.04.30"]

1. d4 Nf6 2. Bf4 g6 3. e3 Bg7 4. Be2 c5 5. c3 Qa5 6. Nd2 d6 7. Nc4 Qc7 8. h3
O-O 9. Nf3 Nbd7 10. O-O b5 11. Ncd2 Rb8 12. e4 e5 13. Be3 d5 14. dxe5 Nxe4 15.
e6 fxe6 16. Nxe4 dxe4 17. Nd2 Nf6 18. Qc2 Qe5 19. Nb3 c4 20. Nd2 a6 21. Bd4 Qf4
22. Bxf6 Bxf6 23. Nxe4 Be5 24. g3 Qh6 25. Kh2 Rb7 26. f4 Bb8 27. Bg4 Rbf7 28.
Rad1 Re7 29. Nd6 Bd7 30. Qe4 Qg7 31. Qe5 Qxe5 32. fxe5 Rxf1 33. Rxf1 Bxd6 34.
exd6 Rf7 35. Bf3 Kf8 36. Kg2 Ke8 37. Re1 Kd8 38. b3 Rf5 39. g4 Rc5 40. b4 Rc8
41. Bb7 Rb8 42. Be4 Rb6 43. Rd1 Be8 44. Kg3 Kd7 45. Kf4 Rxd6 46. Rxd6+ Kxd6 47.
g5 e5+ 48. Ke3 Bc6 49. Bc2 Ke6 50. h4 Bg2 51. a3 Bh3 52. Be4 Bf5 53. Bb7 Kd6
54. Bf3 Be6 55. Be2 Bd5 56. Bg4 Kc6 57. Bh3 Kb6 58. Bg4 a5 59. Be2 axb4 60.
axb4 Kc6 61. Bg4 Kd6 62. Be2 Bg2 63. Bg4 Bc6 64. Be2 Bd7 65. Bf3 Bh3 66. Be4
Bf5 67. Bb7 Bd7 68. Bf3 Bc6 69. Bg4 Ke7 70. Be2 Kf7 71. Bg4 Kg7 72. Be2 h6 73.
Bg4 hxg5 74. hxg5 Kf7 75. Be2 Ke6 76. Bg4+ Kd6 77. Be2 Bg2 78. Bg4 Kd5 79. Bd7
1/2-1/2